Introducão geológica (Record no. 45382)

MARC details
000 -Etiqueta do registo
Valores 00502cam a22001811 4500
100 ## - Dados gerais de processamento
Dados gerais 19931102d1942 km y0pory5003 ba
101 0# - Língua de publicação
Língua por
102 ## - País de publicação
País PT
200 1# - Titulo e menção de responsabilidade
Título próprio Introducão geológica
Primeira menção de responsabilidade Carlos Torre de Assuncão
210 #9 - Publicação
Local de publicação [S.l.
Nome do editor s.n.],
Data de publicação 1942
215 ## - Descrição física 
Paginação / Volumes 126 p.
Outras indicações físicas il.
Dimensões 19 cm
225 2# - Colecção 
Título próprio da colecção Biblioteca cosmos
Indicação de volume 16
Número de parte ou secção 1.ª seccão.
Nome de parte ou secção Ciências e técnicas
Indicação de volume 5
675 ## - CDU
Notação 55
700 #1 - Autor principal
Apelido Assun—cão,
Nome C. F. Torre de,
Datas 1901-1987
801 #0 - Fonte de origem
País PT
Agência BN
Regras de catalogação RPC
990 ## - Elementos KOHA
Tipo de documento Livro
Holdings
Aquisição Empréstimo Código de barras Cota Permissão de empréstimo Tipo de documento Nota relativa ao exemplar
Biblioteca Municipal de Redondo Biblioteca Municipal de Redondo 056128 55 ASS Consulta presencial Livro oferta de Vergílio Ambrósio

Powered by Koha